Deadfall : (Registro nro. 4522)
[ vista simple ]
| 000 -LEADER | |
|---|---|
| fixed length control field | 00947nam a2200241Ia 4500 |
| 003 - CONTROL NUMBER IDENTIFIER | |
| control field | OSt |
| 005 - DATE AND TIME OF LATEST TRANSACTION | |
| control field | 20250522142054.0 |
| 008 - FIXED-LENGTH DATA ELEMENTS--GENERAL INFORMATION | |
| fixed length control field | 191128s2015 ag jr 000 f spa d |
| 020 ## - INTERNATIONAL STANDARD BOOK NUMBER | |
| International Standard Book Number | 9789876129978 |
| 040 ## - CATALOGING SOURCE | |
| Original cataloging agency | CO-JMCR |
| Transcribing agency | CO-JMCR |
| 041 ## - LANGUAGE CODE | |
| Language code of text/sound track or separate title | spa |
| 082 ## - DEWEY DECIMAL CLASSIFICATION NUMBER | |
| Classification number | J-N |
| Item number | CARd |
| 100 ## - MAIN ENTRY--PERSONAL NAME | |
| Personal name | Carey, Anna, |
| Relator term | autora |
| 9 (RLIN) | 1539 |
| 245 10 - TITLE STATEMENT | |
| Title | Deadfall : |
| Remainder of title | atrapada / |
| Statement of responsibility, etc. | Anna Carey ; traducción, Silvina Poch |
| 260 ## - PUBLICATION, DISTRIBUTION, ETC. | |
| Place of publication, distribution, etc. | Buenos Aires : |
| Name of publisher, distributor, etc. | V&R Editoras, |
| Date of publication, distribution, etc. | 2015 |
| 300 ## - PHYSICAL DESCRIPTION | |
| Extent | 227 páginas ; |
| Dimensions | 21 cm. |
| 500 ## - GENERAL NOTE | |
| General note | Continuación de Blackbird : perseguida |
| 520 ## - SUMMARY, ETC. | |
| Summary, etc. | Debes correr… para salvar tu vida. Hace una semana despertaste en los Ángeles. No recordabas quién eras. Solo sabías que estaban intentando matarte. Confiaste en Ben, pero te traicinó. Ahora escapaste a Nueva York con un chico llamado Rafe, que dice recor |
| 534 ## - ORIGINAL VERSION NOTE | |
| Introductory phrase | Deadfall |
| 546 ## - LANGUAGE NOTE | |
| Language note | Traducido del inglés |
| 650 14 - SUBJECT ADDED ENTRY--TOPICAL TERM | |
| Topical term or geographic name entry element | Suspenso en la literatura |
| 9 (RLIN) | 613 |
| 942 ## - ADDED ENTRY ELEMENTS (KOHA) | |
| Source of classification or shelving scheme | Dewey Decimal Classification |
| Koha item type | Books |
| Withdrawn status | Lost status | Source of classification or shelving scheme | Damaged status | Not for loan | Collection code | Home library | Current library | Date acquired | Source of acquisition | Cost, normal purchase price | Total Checkouts | Total Renewals | Full call number | Barcode | Date last seen | Date last checked out | Copy number | Koha item type |
|---|---|---|---|---|---|---|---|---|---|---|---|---|---|---|---|---|---|---|
| Dewey Decimal Classification | Fiction | Biblioteca Pública José María del Castillo y Rada | Biblioteca Pública José María del Castillo y Rada | 11/28/2019 | Donación | 0.00 | 8 | 7 | J-N CARd | 201809387 | 08/16/2023 | 07/25/2023 | Ej.1 | Books |